| 000 | 00538nam a2200193Ia 4500 | ||
|---|---|---|---|
| 005 | 20250508162633.0 | ||
| 008 | 008 250505s9999 xx 000 0 hin d | ||
| 037 | _aTextBook | ||
| 040 |
_aFEDL _beng _cFEDL |
||
| 041 |
_ahin _2hin |
||
| 084 |
_a370.954, SAX/R _qFEDL |
||
| 100 |
_aSaxena Nirmal _9773662 |
||
| 245 | 0 | _aPragatisheel bhartiya samaj mein shiksha | |
| 260 |
_aDelhi, India _bDoaba House _c1984 |
||
| 300 | _axii,192p | ||
| 365 |
_aINR _b20 |
||
| 942 |
_cTB _h370.954, SAX/R |
||
| 999 |
_c1377768 _d1377768 |
||